00441nam a2200133Ia 450000500170000000800410001702000150005808200130007310000210008624500910010726000340019830000120023250000630024420250624032021.0240331s9999 xx 000 0 und d a9559255010 bWICa340 aWickramasinghe,S 0aManawa ayitheen pilibanda neethiya saha manawadayavadee neethiya pilibanda hadinweemak aColombobNadeson centrec1995 a77 p ., aAn introduction to Human Rights , law and Humanitarian law